Inžinierske nastavovanie parametrov PID regulátorov

Gespeichert in:
Bibliographische Detailangaben
1. Verfasser: Tvrdý, Martin (Verfasst von)
Weitere Verfasser: Veselý, Vojtech, 1940- (Betreuung Doktorarbeit)
Format: Manuskript Buch
Sprache:Slowakisch
Veröffentlicht: Bratislava : STU v Bratislave FEI, 2000
Schlagworte:
Tags: Tag hinzufügen
Keine Tags, Fügen Sie das erste Tag hinzu!

MARC

LEADER 00000ntm a22000003a 4500
001 stu105613
005 20160719165011.7
008 060126s2000------------------------slo-d
040 |a STU  |b slo 
041 0 |a slo 
100 1 |a Tvrdý, Martin  |4 aut 
245 1 |a Inžinierske nastavovanie parametrov PID regulátorov 
260 |a Bratislava :  |b STU v Bratislave FEI,  |c 2000 
300 |a 74 s 
650 7 |a automatizácia  |2 stusub 
700 1 |a Veselý, Vojtech,  |d 1940-  |4 ths  |u E011  |U FEI Fakulta elektrotechniky a informatiky  |T FEI Ústav robotiky a kybernetiky  |X 4973  |U E011  |Y 356  |7 A000004973